000 00711nam a2200205 a 4500
001 39357
005 20180714012902.0
008 140415s1987 sp 000 0 spa d
020 _a8425415535
041 _aspa
082 _a270
_bBIB
100 1 _aVILANOVA, EVANGELISTA
245 1 0 _aHISTORIA DE LA TEOLOGIA CRISTIANA :
_bDE LOS ORIGENES AL SIGLO XV
250 _a1a ed.
260 _aESPAÑA :
_bHERDER,
_c1987
300 _a3
_cx 142 x 21.5
490 _aBIBLIOTECA HERDER SECCION DE TEOLOGIA Y FILOSOFIA
520 _aOFRECE UNA SINTESIS HISTORICA COMPLETA DE LA EVOLUCION DEL PENSAMIENTO TEOLOGICO CRISTIANO, DESDE LOS ORIGENES HASTA NUESTROS DIAS.
650 1 4 _aIGLESIA
_xHISTORIA
999 _c39357
_d39357